00951nam a2200205Ia 4500001000700000008004100007020001800048082002200066245014100088250001100229260002300240300001100263440007600274500016900350503003800519504002100557650003500578650003300613700009900646Z_3409220601s9999 xx 000 0 und d a968-24-3904-3 a636.214 B685 1999 aBovinos de leche / Johan H. Koeslag; colaborador A. Fernán Castellanos Echeverría...[et. al]; revisión Johan D. Berlijn...[et. al] a2a ed. aMéxico : Trillas a110 p. aManuales para educación agropecuaria : área producción animal ; 7 aBasado en el trabajo de Johan H. Koeslag. Este manaual ha sido elaborado dentro de un proyecto de cooperación técnica internacional de la DGETA, SEP, FAO Y PNUD aej.1: s/n \ ej.2: C/E \ ej.3: C/E aIncluye índice a1. Ganado de leche - Manuales  aEstablos lecheros - Manuales aKoeslag, Johan H. \ Castellanos Echeverría, A. Fernán, colab. \ Berlijn, Johan D., rev.Ì